<?xml version="1.0" encoding="UTF-8"?><?xml-stylesheet type="text/xsl" href="static/style.xsl"?><OAI-PMH xmlns="http://www.openarchives.org/OAI/2.0/" xmlns:xsi="http://www.w3.org/2001/XMLSchema-instance" xsi:schemaLocation="http://www.openarchives.org/OAI/2.0/ http://www.openarchives.org/OAI/2.0/OAI-PMH.xsd"><responseDate>2026-06-06T01:42:28Z</responseDate><request verb="GetRecord" identifier="oai:riuma.uma.es:10630/40236" metadataPrefix="marc">https://riuma.uma.es/rest/oai/request</request><GetRecord><record><header><identifier>oai:riuma.uma.es:10630/40236</identifier><datestamp>2026-02-03T11:43:09Z</datestamp><setSpec>com_10630_2254</setSpec><setSpec>col_10630_37956</setSpec></header><metadata><record xmlns="http://www.loc.gov/MARC21/slim" xmlns:dcterms="http://purl.org/dc/terms/" xmlns:doc="http://www.lyncode.com/xoai" xmlns:xsi="http://www.w3.org/2001/XMLSchema-instance" xsi:schemaLocation="http://www.loc.gov/MARC21/slim http://www.loc.gov/standards/marcxml/schema/MARC21slim.xsd">
   <leader>00925njm 22002777a 4500</leader>
   <datafield ind2=" " ind1=" " tag="042">
      <subfield code="a">dc</subfield>
   </datafield>
   <datafield ind2=" " ind1=" " tag="720">
      <subfield code="a">López-Bravo, Celia</subfield>
      <subfield code="e">author</subfield>
   </datafield>
   <datafield ind2=" " ind1=" " tag="260">
      <subfield code="c">2018-10</subfield>
   </datafield>
   <datafield ind2=" " ind1=" " tag="520">
      <subfield code="a">What happened at the School of Architecture of Barcelona during the second&#xd;
semester of the academic year 2012-2013 had its origin in a grassroots movement&#xd;
that produced, among other proposed projects, a type of teaching methodology&#xd;
which is still evolving.&#xd;
It is worth using a few lines to place in a context the moment at which this process&#xd;
took place. During the previous year, 2012, there had been several meetings in which&#xd;
students and teachers had joined in protest seeking to guarantee the quality of the&#xd;
public university. Among the main reasons for the protest were the meagerness&#xd;
of the teachers’ salaries (Ibáñez, 2012), the rise in registration fees and the tense&#xd;
situation created by the implementation of the Bolonia Process (Badia, 2013). That&#xd;
was how the ETSAB enlluita was born (ETSAB enlluita, 2013a).</subfield>
   </datafield>
   <datafield ind1="8" ind2=" " tag="024">
      <subfield code="a">López-Bravo, C. (2018). OPEN ETSAB: experimenting from altered teaching. In C. J. Rosa Jiménez &amp; A. García Moreno (Coords.), Educational innovation in architecture and engineering: advances in final projects and thesis (pp. 88–93). RU Books</subfield>
   </datafield>
   <datafield ind1="8" ind2=" " tag="024">
      <subfield code="a">https://hdl.handle.net/10630/40236</subfield>
   </datafield>
   <datafield tag="653" ind2=" " ind1=" ">
      <subfield code="a">Arquitectura - Estudio y enseñanza superior</subfield>
   </datafield>
   <datafield tag="653" ind2=" " ind1=" ">
      <subfield code="a">Investigación activa en educación</subfield>
   </datafield>
   <datafield ind2="0" ind1="0" tag="245">
      <subfield code="a">OPEN ETSAB. Experimenting from altered teaching.</subfield>
   </datafield>
</record>
</metadata></record></GetRecord></OAI-PMH>